| 000 | 00427cam a22001097a 4500 | ||
|---|---|---|---|
| 008 | 180718b1971 xxu||||| |||| 00| 0 eng d | ||
| 082 | _aI56x5452 T152 | ||
| 245 |
_aReport on his work while under training in the National Archives of India other state archives, Calcutta, Bombay and Hyderabad _cby Government of Tamil Nadu |
||
| 260 |
_aMadras _bGovernment of Tamil Nadu _c1971 |
||
| 300 | _a180+p | ||
| 700 | _aTamil Nadu. Government | ||
| 999 |
_c491658 _d491658 |
||